000 00530nam a2200205Ia 4500
003 BUBTL
008 151213s9999 xx 000 0 und d
020 _a81-7177132-7
082 _a346.048NAI
100 _aNarayanan, P.
_92002
245 _aIntellectual Property Law/
_cP. Narayanan
250 _a3rd ed.
260 _aKolkata :
_bEastern Law House
_cc2001.
300 _a[30],631 p. :
_c22 cm.
650 _aLaw
650 _aLaw
856 _k0
_l0
_yDownload
942 _2ddc
_cBK
999 _c3389
_d3389